STN EN 1366-5: 2010 (92 0811) [neplatná], Skúšanie požiarnej odolnosti prevádzkových zariadení Časť 5 Inštalačné kanály a šachty
Táto norma je slovenskou verziou európskej normy EN 1366-5: 2010. Preklad zabezpečil Slovenský ústav technickej normalizácie. Má rovnaké postavenie ako majú oficiálne verzie
| Corporate Author: | |
|---|---|
| Other Authors: | |
| Format: | Book |
| Language: | Slovak English |
| PhysicalDescription: | 28 s. obr., tab. 30 cm |
| Published: |
Bratislava
Slovenský ústav technickej normalizácie
2010
|
| Subjects: |
MARC
| LEADER | 00000nam a2200000 a 4500 | ||
|---|---|---|---|
| 001 | vtls010123983 | ||
| 003 | SK-MaSNL | ||
| 005 | 20260301183913.0 | ||
| 008 | 160627s2010 xo a f u 000 0 slo | ||
| 015 | |a SNBN2011/01-00640 | ||
| 020 | |c (cen. skup. 12) | ||
| 040 | |a SNK |b slo |c SNK |e AACR2 | ||
| 041 | 1 | |a slo |h eng | |
| 044 | |a xo |c SK | ||
| 046 | |a m |m 20100801 (účin.) |n 20210801 (zruš.) | ||
| 072 | 7 | |a 614.84 |x Požiare. Ochrana pred požiarmi |2 konspekt | |
| 072 | 7 | |a 699.8 |x Ochrana budov |2 konspekt | |
| 080 | |a 614.841.3 |2 2001 | ||
| 080 | |a 699.814 |2 2001 | ||
| 080 | |a 006.7/.8 |2 2001 | ||
| 080 | |a (437.6) |2 2001 | ||
| 080 | |a (4) |2 2001 | ||
| 084 | |a 13.220.50 |2 ICS | ||
| 084 | |a 91.060.40 |2 ICS | ||
| 130 | 0 | |a STN 92 0811 (STN EN 1366-5) [neplatná] |9 559762 | |
| 245 | 1 | 0 | |a STN EN 1366-5: 2010 (92 0811) [neplatná], Skúšanie požiarnej odolnosti prevádzkových zariadení |n Časť 5 |p Inštalačné kanály a šachty |c spracovateľ R-ing Batzovce, Štefan Rástocký |
| 246 | 1 | 0 | |a Skúšanie požiarnej odolnosti prevádzkových zariadení. Časť 5 |
| 246 | 1 | 0 | |a Inštalačné kanály a šachty |
| 246 | 3 | 0 | |a EN 1366-5: 2010 E |
| 260 | |a Bratislava |b Slovenský ústav technickej normalizácie |c 2010 | ||
| 300 | |a 28 s. |b obr., tab. |c 30 cm | ||
| 500 | |a Súbežný názov v angličtine, francúzštine, nemčine | ||
| 500 | |a Táto norma nahrádza STN EN 1366-5 z mája 2005 v celom rozsahu | ||
| 500 | |a Norma je nahradená anglickou verziou normy STN EN 1366-5 z augusta 2021, ktorú nahradila slovenská verzia normy STN EN 1366-5 z februára 2022 v celom rozsahu | ||
| 504 | |a Citované normy, súvisiace právne predpisy s. 2; literatúra s. 25 | ||
| 520 | 8 | |a Táto norma je slovenskou verziou európskej normy EN 1366-5: 2010. Preklad zabezpečil Slovenský ústav technickej normalizácie. Má rovnaké postavenie ako majú oficiálne verzie | |
| 540 | |a STN vydané na akomkoľvek nosiči sa môžu rozmnožovať a rozširovať iba so súhlasom určenej právnickej osoby |b SÚTN Bratislava |c zákon 264/1999 Z.z. | ||
| 650 | 0 | 7 | |a požiarna odolnosť |2 SVKBBPH |9 85175 |
| 650 | 0 | 7 | |a ochrana pred požiarom |2 SVKBBPH |9 327287 |
| 650 | 0 | 7 | |a ochrana budov |2 SVKBBPH |9 4160 |
| 650 | 0 | 7 | |a technické normy a štandardy |z Slovensko |2 SVKBBPH |9 79594 |
| 650 | 0 | 7 | |a technické normy a štandardy |z krajiny Európskej únie |2 SVKBBPH |9 289341 |
| 655 | 7 | |a normy |2 SVKBBPH |9 70643 | |
| 700 | 1 | |a Rástocký, Štefan |4 trl |9 314728 | |
| 710 | 2 | |a R-ing (Batizovce, Slovensko) |4 aut |9 559760 | |
| 710 | 2 | |a Slovenský ústav technickej normalizácie (Bratislava, Slovensko) |b TK 17 Bezpečnosť a ochrana pred požiarom |4 stn |9 324024 | |
| 852 | |a Štátna vedecká knižnica v Banskej Bystrici | ||
| 958 | |a OP | ||
| 958 | |a NB | ||
| 999 | |c 858739 |d 860669 | ||
| 952 | |a SNK |b SNK |y PREZ |7 0 |p 17A0670985 |o snkSTN EN 1366-5 |i snk2010/19981 |8 0 |0 0 |1 0 |4 0 |d 2010-09-16 |l 0 |r 2026-02-24 05:04:23 |w 2026-02-24 | ||
| 952 | |a SNK |b SNK |y PREZ |7 0 |p 17A0670986 |o snkSTN EN 1366-5 D1 |i snk2010/19982 |8 0 |0 0 |1 0 |4 0 |d 2010-09-16 |l 0 |r 2026-02-24 05:04:23 |w 2026-02-24 | ||


